000 00375cam a22001217a 4500
008 180718b1966 xxu||||| |||| 00| 0 eng d
082 _aA81x54 In2/61/3/PT7A
100 _aCensus of India 1961
245 _aAssam: selected handicrafts
260 _aDelhi
_bThe Manager of Publications
_c1966
300 _a163+p.
440 _aCensus of India 1961. Volume III, Assam. Part- VIIA
999 _c483912
_d483912